Mathematical and statistical modelling of cointegration

Na minha lista:
Detalhes bibliográficos
Autor principal: Johansen, Soren
Formato: Livro
Idioma:inglês
Publicado em: San Domenico (FI) European University Institute 1997
Colecção:EUI Working paper ECO No. 97/14
Assuntos:
Tags: Adicionar Tag
Sem tags, seja o primeiro a adicionar uma tag!

MARC

LEADER 00000nam a2200000 4500
001 c133424
005 20221124073658.9
041 0 |a eng 
044 |a IT 
245 1 0 |a Mathematical and statistical modelling of cointegration  |c Soren Johansen 
264 1 |a San Domenico (FI)  |b European University Institute  |c 1997 
300 |a 16 s. 
490 1 |a EUI Working paper ECO  |v No. 97/14 
830 0 |a EUI Working paper ECO  |v No. 97/14 
610 2 0 |a modelovanie 
610 2 0 |a modelovanie ekonometrické 
610 2 0 |a modely ekonometrické 
610 2 0 |a modely matematické 
610 2 0 |a modely štatistické 
100 1 |a Johansen, Soren